000
00286nam a2200121Ia 4500
005
20251222154409.0
008
251222s9999||||xx |||||||||||||| ||spa||
020
_a
84-376-0681-0
082
_a
858.9/V49
100
_a
"Verga, Giovanni Carmelo"
245
0
_a
Los Malavoglia
942
_c
LIB
999
_c
35594
_d
35594